Hemingway : (Record no. 21267)
[ view plain ]
| 000 -LEADER | |
|---|---|
| fixed length control field | 01070nam a2200337 4500 |
| 001 - CONTROL NUMBER | |
| control field | 21267 |
| 003 - CONTROL NUMBER IDENTIFIER | |
| rucl marc code | BD-RjUL |
| 005 - DATE AND TIME OF LATEST TRANSACTION | |
| control field | 20211209000651.0 |
| 008 - FIXED-LENGTH DATA ELEMENTS--GENERAL INFORMATION | |
| fixed length control field | 140304s1962 nju b 000 1 eng |
| 035 ## - SYSTEM CONTROL NUMBER | |
| System control number | (OCoLC)505751592 |
| System control number | (OCoLC)ocn505751592 |
| System control number | (CStRLIN)NYCG85-B76149 |
| System control number | (BD-RjUL)21331 |
| System control number | (NNC)373820 |
| 040 ## - CATALOGING SOURCE | |
| Modifying agency | NNC |
| Original cataloging agency | BD-RjUL |
| Language of cataloging | eng |
| Transcribing agency | BD-RjUL |
| 041 ## - LANGUAGE CODE | |
| Language code of text/sound track or separate title | eng |
| 082 ## - DEWEY DECIMAL CLASSIFICATION NUMBER | |
| Classification number | 813.52 |
| Author mark and year | HEM 1962 |
| 090 ## - LOCALLY ASSIGNED LC-TYPE CALL NUMBER (OCLC); LOCAL CALL NUMBER (OCLC) | |
| Classification number (OCLC) (R) ; Classification number, CALL (RLIN) (NR) | PS3515.E37 |
| Local cutter number (OCLC) ; Book number/undivided call number, CALL (RLIN) | Z94 |
| 245 10 - TITLE STATEMENT | |
| Title | Hemingway : |
| Remainder of title | a collection of critical essays / |
| Statement of responsibility, etc. | edited by Robert P. Weeks. |
| 260 ## - PUBLICATION, DISTRIBUTION, ETC. (IMPRINT) | |
| Place of publication, distribution, etc. | Englewood Cliffs, N.J. : |
| Name of publisher, distributor, etc. | Prentice-Hall, |
| Date of publication, distribution, etc. | c1962. |
| 300 ## - PHYSICAL DESCRIPTION | |
| Pagination | 180 p. ; |
| Size | 21 cm. |
| 490 1# - SERIES STATEMENT | |
| Series statement | Twentieth century views. A Spectrum book, |
| Volume/sequential designation | S-TC-8 |
| 504 ## - BIBLIOGRAPHY, ETC. NOTE | |
| Bibliography, etc | Includes bibliography. |
| 600 10 - SUBJECT ADDED ENTRY--PERSONAL NAME | |
| Personal name | Hemingway, Ernest, |
| Dates associated with a name | 1899-1961 |
| General subdivision | Criticism and interpretation. |
| 700 1# - ADDED ENTRY--PERSONAL NAME | |
| Personal name | Weeks, Robert P. |
| Fuller form of name | (Robert Percy), |
| 830 #0 - SERIES ADDED ENTRY--UNIFORM TITLE | |
| Volume number/sequential designation | S-TC-8. |
| 830 #0 - SERIES ADDED ENTRY--UNIFORM TITLE | |
| Uniform title | Twentieth century views ; |
| 942 ## - ADDED ENTRY ELEMENTS (KOHA) | |
| Source of classification or shelving scheme | Dewey Decimal Classification |
| Koha item type | Books |
| Lost status | Source of classification or shelving scheme | Damaged status | Not for loan | Collection code | Permanent Location | Current Location | Shelving location | Date acquired | Source of acquisition | Cost, normal purchase price | Total Checkouts | Full call number | Date last seen | Copy number | Koha item type |
|---|---|---|---|---|---|---|---|---|---|---|---|---|---|---|---|
| Dewey Decimal Classification | Added to bundle | Fiction | Central Library, University of Rajshahi | Central Library, University of Rajshahi | Reading Room | 13/04/1974 | Aligarh Library | 17.55 | 813.52 HEM 1962 | 04/03/2014 | C-1 | Books | |||
| Dewey Decimal Classification | Fiction | Central Library, University of Rajshahi | Central Library, University of Rajshahi | 03/07/1979 | U.S.I.S. | 813.52 HEM 1962 | 09/11/2016 | C-2 | Books |